| LEADER |
01027nam0a2200193 450 |
| 001 |
16848378 |
| 010 |
|
|
|a 978-2-7424-3340-7
|b Br.
|d 29
|
| 100 |
|
|
|a 20121029d2012 u u0frey01 ba
|
| 101 |
0 |
|
|a fre
|
| 102 |
|
|
|a FR
|
| 200 |
0 |
|
|a France des grands lacs (La)
|e un patrimoine à préserver
|f Olivier Chartier
|g préface de François Garde
|
| 207 |
|
1 |
|a
|
| 215 |
|
|
|a 1 vol. (160 p.)
|c illustrations en couleur
|d 26 x 25 cm
|
| 330 |
|
|
|a Présentation illustrée des lacs, de leur faune et de leur flore au fil des saisons, mettant en valeur les lieux remarquables comme les endroits plus cachés. Pour chaque lac, un acteur de la vie locale (pêcheur, gardien, ornithologue, ingénieur hydraulique, etc.) évoque l'histoire du lieu et la relation particulière qu'il entretient avec lui.
|
| 700 |
|
0 |
|a Chartier
|b Olivier
|4 70
|
| 702 |
|
0 |
|a Garde
|b François
|f 1959-...
|4 80
|
| 900 |
|
|
|a Documentaire
|
| 901 |
|
|
|a Accessible au prêt
|
| 995 |
|
|
|a Bibliothèque
|c Bibliothèque
|f 00156008158404
|h 00156008158404
|k 914.4 CHA
|o p
|q a
|r az
|e Bibliothèque
|